Fairclough Building Limited V Borough Council of Port Talbot (Record no. 37741)

MARC details
000 -LEADER
fixed length control field 01667cab a2200241 4500
001 - CONTROL NUMBER
control field ABS47205
008 - FIXED-LENGTH DATA ELEMENTS--GENERAL INFORMATION
fixed length control field 090401t1992 xxu||||| |||| 00| 0 eng d
035 ## - SYSTEM CONTROL NUMBER
System control number (Sirsi) u61045
041 ## - LANGUAGE CODE
Language code of text/sound track or separate title eng
245 ## - TITLE STATEMENT
Title Fairclough Building Limited V Borough Council of Port Talbot
260 ## - PUBLICATION, DISTRIBUTION, ETC.
Date of publication, distribution, etc. 1992
350 ## - PRICE (NR) (BK AM CF MU VM SE) [OBSOLETE]
Price 0
490 ## - SERIES STATEMENT
Series statement Construction Industry Law Letter
Volume/sequential designation 1992 CILL 779-781(3)
520 ## - SUMMARY, ETC.
Summary, etc. CA 16 July 1992. In the early 1980s the council decided to build a new Civic Centre and invited applications from contractors to be entered onto the tendering list. On 31 March 1983 F applied to be on the list. The letter showed D as a local director whose wife was a senior assistant architect employed by the council. In November the council shortlisted six companies including F who were to be invited to tender. By this date D`s wife had become principal architect to the council. In June 1984 F and four other companies submitted their tenders. D`s wife wrote to the Borough Engineer disclosing an interest under Local Government Act 1982 s117 although he had realised the situation before this. D`s wife was due to be on the appraisal team however the Borough Engineer had second thoughts and took her off the team replacing her with the County Architect. He also took counsel`s opinion and reported to the Finance Policy and General Purposes Committee removing F from the tender list althoug
650 ## - SUBJECT ADDED ENTRY--TOPICAL TERM
Topical term or geographic name entry element APPLICATIONS TO TENDER
650 ## - SUBJECT ADDED ENTRY--TOPICAL TERM
Topical term or geographic name entry element BREACH OF CONTRACT
650 ## - SUBJECT ADDED ENTRY--TOPICAL TERM
Topical term or geographic name entry element DISCLOSURE OF INTEREST
650 ## - SUBJECT ADDED ENTRY--TOPICAL TERM
Topical term or geographic name entry element LOCAL GOVERNMENT ACT 1982 S117
650 ## - SUBJECT ADDED ENTRY--TOPICAL TERM
Topical term or geographic name entry element TENDERS LIST
690 ## - LOCAL SUBJECT ADDED ENTRY--TOPICAL TERM (OCLC, RLIN)
Topical term or geographic name as entry element BUILDING AND CONSTRUCTION-CASE LAW
942 ## - ADDED ENTRY ELEMENTS (KOHA)
Suppress in OPAC 0
948 ## - LOCAL PROCESSING INFORMATION (OCLC); SERIES PART DESIGNATOR (RLIN)
c (OCLC) 04/03/1997
Holdings
Withdrawn status Lost status Source of classification or shelving scheme Damaged status Not for loan Home library Current library Shelving location Date acquired Total Checkouts Full call number Barcode Date last seen Copy number Price effective from Koha item type
    Dewey Decimal Classification     London London Journal article 14/09/1999   ABS47205 61045-1001 06/08/2019 1 06/08/2019 Law report